| 000 | 01108cam a2200265 4500 | ||
|---|---|---|---|
| 008 | 030528n2002 000 0 eng u | ||
| 020 | _a0727731947 | ||
| 035 | _a(Sirsi) u122443 | ||
| 041 | _aeng | ||
| 050 |
_a711.58 _c18 |
||
| 100 | _aCarmona, Matthew | ||
| 245 |
_aFrom design policy to design quality _bthe treatment of design in community strategies, local development frameworks and action plans |
||
| 260 |
_aLondon _bThomas Telford _c2002 |
||
| 300 |
_a104p. _c30cm. |
||
| 350 | _a25 | ||
| 520 | _aThis text offers a framework for the development of a comprehensive range of design policies for community strategies, local development frameworks and action plans. Twenty recommendations are put forward, offering working directions for local authorities and planners charged with implementing and monitoring design policies at the local level. | ||
| 650 | _aPLANNING DESIGN | ||
| 650 | _aPLANNING POLICY | ||
| 650 | _aPLANNING GREEN PAPER | ||
| 650 | _aURBAN WHITE PAPER | ||
| 690 | _aPLANNING LAW AND PRACTICE | ||
| 700 | _aPunter, John | ||
| 700 | _aChapman, David | ||
| 942 | _n0 | ||
| 999 |
_c102846 _d102846 |
||